000 00558cam a22002291 4500
001 sa 66002927
003 DLC
005 20260227112232.0
008 900130s1962 ii 000 0 malo
010 _asa 66002927
035 _a(OCoLC)20974565
040 _aDLC
_cWaU
_dDLC
042 _apremarc
050 0 0 _aPK2905
_b.K78 1962
100 2 _aKunjan Pillai, Elamkulam,
_d1904-
245 1 0 _aSāhityamālika.
250 _a[Rev. 4th ed.]
260 _c[1962]
300 _a177 p.
_c19 cm.
500 _aIn Malayalam.
650 0 _aIndic literature.
999 _c68607
_d68607